000 01460nam a2200397 i 4500
001 197807
003 ES-MaACL
005 20250902063122.0
008 250521s1984 sp a spa
016 7 _abimoBNE19921620100
_zIBH8405824224
_2SpMaBN
017 _aM 5578-1984
_bOficina Depósito Legal Madrid
020 _a8420432113
035 _a(OCoLC)433723011
035 _a(SpMaBN)bimo0000241419
040 _aSpMaBN
_bspa
_cSpMaBN
_erdc
080 _a087.5:830-34"19"
100 1 _aEnde, Michael,
_d1929-1995
_9242176
_eaut
245 1 0 _aMomo /
_cMichael Ende ; traducción [del alemán] de Susana Constante.
250 _aDecimocuarta edición
260 _aMadrid :
_bAlfaguara,
_c1984.
300 _a255 páginas :
_bilustrado blanco y negro ;
_c22 cm.
336 _2rdacontent
_atexto
337 _2rdamedia
_asin mediación
338 _2rdacarrier
_avolumen
490 1 _aJuvenil Alfaguara ;
_v19
655 0 _9234319
_aNovelas
655 7 _2tgfbne
_9193653
_aLibros ilustrados
700 1 _940246
_aConstante, Susana
_etrl
852 _aES-MaACL
_cDEPOJ
_jN-10631
_hDonación: José Lázaro García
_xEncuadernación rústica
_9206754
903 _9234219
_aLázaro García, José
_ednr
942 _cMONOGRAFIA
_n0
999 _c197807
_d197807